| 000 | 00760cam a2200217 a 4500 | ||
|---|---|---|---|
| 001 | 000015445 | ||
| 005 | 20200929164037.0 | ||
| 008 | 961204r19931993sp b 001 0 spa | ||
| 020 | _a842491483X | ||
| 040 |
_aDO-SdBNP _bspa _cBNPHU |
||
| 082 |
_a860.9 _bA339h |
||
| 100 | 1 |
_aAlborg, Juan Luis. _918517 |
|
| 245 | 1 | 0 |
_aHistoria de la literatura española / _cJuan Luis Alborg. |
| 260 |
_aMadrid : _bGredos, _c1993. |
||
| 300 |
_av. ; _c25 cm. |
||
| 500 | _aLa biblioteca sólo posee el volumen 3. | ||
| 500 | _aSéptima reimpresión de la primera edición. | ||
| 504 | _aIncluye referencias bibliográficas y notas al pie de las páginas. | ||
| 650 | 4 |
_aLiteratura española _xHistoria y crítica _93904 |
|
| 650 | 4 |
_aLiteratura española _ySIGLO XVIII _913698 |
|
| 999 |
_c15002 _d15002 |
||